000 00517nam a2200169Ia 4500
008 090711s9999 xx 000 0 und d
082 _b41496
100 _aजोशी शशिकांत
245 _aनेत्र निरांजनी
260 _c1980
300 _a74
600 _aजोशी शशिकांत
630 _aनेत्र निरांजनी
700 _aजोशी शशिकांत
730 _aनेत्र निरांजनी
942 _cBOOK
999 _c294454
_d294454